LEADER 01195nam a2200253 u 4500 001 000000002126 003 CaOOAMICUS 005 20070226104404.0 008 940527s1931 gw b u000 u ger u 035 $a10053688 040 $aPUL$bita 130 0 $aBiblia.$pV.T.$pMachabaeorum I-II.$lTedesco.$0(OLS)http://pul/title/3157 245 14$aDie beiden Makkabäerbücher, /$cübersetzt und erklärt von Hugo Bévenot ... Mit 2 Kart .. 260 $aBonn :$bP. Hanstein,$c1931. 300 $axii, 260 p. :$b2 c. geogr. pieg. ;$c25 cm 490 1 $aDie Heilige Schrift des Alten Testamentes ;$vIV. Bd., Abt. 4 630 04$aBiblia.$pV.T.$pMachabaeorum I-II..$xCommenti.$0(OLS)http://pul/subject/1985 700 1 $aBévenot, Hugo,$cO.S.B.,$dn. 1891.$0(OLS)http://pul/name/2303 830 4$aDie Heilige Schrift des Alten Testamentes ;$vIV. Bd., Abt. 4.$0(OLS)http://pul/title/2066 850 $aPUL 852 $aPUL$W1$xSL Religione 1$y3$m5 B 13.$j2823$nBK-PRI$b $qStampati$B2823$CPULBib$Z2$F2823 $H $81 941 1 $a8 996 $6245$aDie beiden Makkabäerbücher,$9(OLS)http://pul/title/3158 996 $6260$aBonn :$bP. Hanstein$9(OLS)http://pul/publisher/48703 LEADER 01600nam a2200313 a 4500 001 000000136393 003 CaOOAMICUS 005 20131126125645.0 008 131126s2013 it m 001 u ita d 020 $a978-88-7839-254-0 040 $aPUG$bita$dPUL 100 1 $aPetres, Erika,$csuora,$d1975-$0(OLS)http://pul/name/87838 245 10$aArte, verità, essere :$bla riabilitazione ontologica dell'arte in Martin Heidegger e Maurice Merleau-Ponty /$cErika Petres. 260 $aRoma :$bPontificia Università Gregoriana,$c2013. 300 $a345 p.$c24 cm 490 1 $aTesi Gregoriana.$aSerie filosofia 502 $aTesi di Dottorato in Filosofia--Pontificia Universitas Gregoriana, 2013. 504 $aBibliografia : p. [329]-339. 600 14$aHeidegger, Martin,$d1889-1976$xFilosofia.$0(OLS)http://pul/subject/22528 600 14$aMerleau-Ponty, Maurice,$d1908-1961$xFilosofia.$0(OLS)http://pul/subject/23989 710 2 $aPontificia Università Gregoriana.$bFacoltà di filosofia.$kTesi.$0(OLS)http://pul/name/82053 830 0$aTesi Gregoriana.$pSerie filosofia ;$v031.$0(OLS)http://pul/title/67211 850 $aPUL 852 $aPUL$W1$xDP1 Tesi Pon. Univ. Gregoriana$y40$m2013 A 3$j156870$qTesi$B156584$CPULBib$Z2$F156584 $82 941 1 $a16 996 $6020$a978-88-7839-254-0$9(OLS)http://pul/number/154002 996 $6245$aArte, verità, essere :$bla riabilitazione ontologica dell'arte in Martin Heidegger e Maurice Merleau-Ponty$9(OLS)http://pul/title/172548 996 $6260$aRoma :$bPontificia Università Gregoriana$9(OLS)http://pul/publisher/47853